Les plus grandes villes du Québec sur une carte - Statistiques

Statistiques générales
  • Ce quiz a été pris 8 307 fois
    8 258 depuis la dernière actualisation
  • Le résultat moyen est 7 sur 15
Réponses sur la Carte
Les réponses sont colorées sur une échelle allant du rouge au vert en fonction du pourcentage des utilisateurs qui les ont devinées à leur premier essai. Vous pouvez retrouver ces pourcentages ci-dessous.
 
Statistiques - réponses
Population Ville % Correct
1 765 616 Montréal
99%
585 485 Québec
95%
437 413 Laval
65%
136 018 Trois-Rivières
62%
166 988 Sherbrooke
51%
284 373 Gatineau
48%
150 949 Saguenay
44%
145 474 Lévis
41%
246 899 Longueuil
41%
75 771 Drummondville
32%
95 915 Saint-Jean-sur-Richelieu
30%
75 812 Saint-Jérôme
29%
87 215 Brossard
28%
113 575 Terrebonne
27%
84 156 Repentigny
26%
Aucun quiz correspondant
Distribution des résultats
% des personnes avec chaque résultat
Percentile par nombre de réponses
Votre historique - résultats
Vous n’avez pas pris ce quiz depuis la dernière actualisation